Victoria Australia Top 100 Girl Baby Names 2025 - Statistics

General Stats
  • This quiz has been taken 70 times
  • The average score is 57 of 100
Answer Stats
Hint Answer % Correct
58 Emma
98%
20 Isabella
92%
6 Olivia
92%
1 Charlotte
88%
16 Ella
88%
13 Grace
88%
7 Lily
88%
62 Emily
86%
2 Amelia
84%
17 Zoe
84%
10 Ava
82%
24 Daisy
80%
30 Evie
80%
51 Hannah
80%
5 Isla
80%
4 Mia
80%
26 Sofia
78%
22 Sophia
78%
23 Sophie
78%
28 Chloe
76%
46 Nora
76%
67 Eva
73%
11 Evelyn
73%
39 Isabelle
71%
18 Ivy
71%
12 Lucy
71%
19 Ruby
71%
15 Violet
71%
45 Willow
71%
34 Aria
69%
13 Harper
69%
43 Penelope
69%
100 Sarah
69%
73 Clara
67%
47 Ellie
67%
42 Layla
67%
83 Abigail
65%
50 Freya
65%
63 Lola
65%
43 Millie
65%
75 Phoebe
65%
96 Riley
65%
96 Addison
63%
48 Eleanor
63%
57 Luna
63%
60 Stella
63%
40 Zara
63%
55 Georgia
61%
38 Maya
61%
68 Rosie
61%
61 Alice
59%
85 Jasmine
59%
21 Mila
59%
32 Poppy
59%
90 Ariana
57%
27 Audrey
57%
30 Florence
57%
41 Aurora
55%
65 Emilia
55%
8 Sienna
53%
29 Elsie
51%
9 Matilda
51%
33 Sadie
51%
71 Elena
49%
3 Hazel
49%
74 Maisie
49%
77 Nina
49%
56 Eden
47%
70 Eliana
47%
54 Scarlett
47%
90 Amber
45%
76 Delilah
45%
71 Mackenzie
45%
92 Piper
45%
51 Summer
45%
36 Eloise
43%
88 Imogen
43%
66 Margot
43%
80 Aaliyah
41%
34 Maeve
41%
24 Billie
39%
100 Lucia
39%
77 Maggie
39%
88 Pippa
39%
53 Harriet
35%
63 Bonnie
33%
59 Frankie
31%
92 Mabel
31%
85 Adeline
29%
37 Ayla
29%
92 Cleo
27%
79 Elodie
27%
81 Lyla
22%
48 Remi
22%
69 Lainey
20%
87 Lottie
20%
99 Amara
14%
96 Kaia
14%
84 Amira
12%
81 Maryam
6%
No matching quizzes found
Score Distribution
Percent of People with Each Score
Percentile by Number Answered
Your Score History
You have not taken this quiz